| 000 | 00736nam a2200289Ia 4500 | ||
|---|---|---|---|
| 005 | 20251020182516.0 | ||
| 008 | 200515s9999 xx 000 0 und d | ||
| 082 | _a658:692/036 | ||
| 245 | 0 | _aMejore su negocio de construcción | |
| 260 | _aGinebra | ||
| 260 | _bOIT | ||
| 260 | _c19?? | ||
| 300 | _aOIT | ||
| 300 | _btbls. | ||
| 500 | _a1 ejemplar | ||
| 520 | _aContenido: Manual 1.- Cotizaciones y ofertas. Manual 2.-Gerencia de proyecto. Manual 3.- Gerencia empresarial | ||
| 650 | _aADMINISTRACION DE EMPRESAS | ||
| 650 | _aCONSTRUCCION | ||
| 650 | _aCOTIZACIONES | ||
| 650 | _aGERENCIA | ||
| 650 | _aOFERTAS | ||
| 650 | _aPROYECTOS | ||
| 942 | _cLIB | ||
| 999 |
_c1596 _d1596 |
||